000 00508nam a2200193Ia 4500
005 20250326140800.0
008 250326s9999 xx 000 0 und d
037 _aTextbook
040 _aFMSL
_beng
_cFMSL
041 _aeng
_2eng
084 _aX65 N9
_qFMSL
100 _aSharpe W F
_9736592
245 0 _aInvestments
_cSharpe W F And Others
250 _a6
260 _aNew Jersey
_bNew Jersey, Prentice Hall
_c1999
300 _a962p
942 _cTB
_hX65 N9
999 _c1287259
_d1287259